| 000 | 00892cam a22002651 4500 | ||
|---|---|---|---|
| 001 | ca 25000495 | ||
| 003 | DLC | ||
| 005 | 20260227111114.0 | ||
| 007 | cr_||||||||||| | ||
| 008 | 840913r19161916nyu 000 0 eng | ||
| 010 | _aca 25000495 | ||
| 035 | _a(OCoLC)11151217 | ||
| 040 |
_aDLC _cCoU _dDLC |
||
| 042 | _apremarc | ||
| 050 | 0 | 0 |
_aF1234 _b.D13 |
| 100 | 1 |
_aDabney, Charles William, _d1855-1945. |
|
| 245 | 1 | 2 |
_aA star of hope for Mexico, _cby Charles William Dabney. |
| 260 |
_aNew York, _bLatin-American News Association _c[1916] |
||
| 300 |
_a15 p. _c23 cm. |
||
| 500 | _aReprinted from the Outlook, March 22, 1916, and Commerce and finance March 29, 1916. | ||
| 530 | _aAlso available in digital form on the Internet Archive Web site. | ||
| 651 | 0 |
_aMexico _xSocial conditions. |
|
| 650 | 0 |
_aEducation _zMexico. |
|
| 856 | 4 | 1 | _uhttp://hdl.loc.gov/loc.gdc/scd0001.00158290273 |
| 999 |
_c15962 _d15962 |
||